Insurance Management/ (Record no. 207640)

MARC details
000 -LEADER
fixed length control field 00649nam a22001937a 4500
010 ## - LCCN (DPL NO)
LC control number ENG-143012
020 ## - INTERNATIONAL STANDARD BOOK NUMBER
International Standard Book Number 9789395422512
Terms of availability 320.00
035 ## - SYSTEM CONTROL NUMBER
System control number EN-126544
037 ## - SOURCE OF ACQUISITION
Source of stock number/acquisition DBAD
082 ## - DEWEY DECIMAL CLASSIFICATION NUMBER
Classification number 368
Edition number 1
100 ## - MAIN ENTRY--PERSONAL NAME
Personal name Devi, P. Nithya
245 ## - TITLE STATEMENT
Title Insurance Management/
Statement of responsibility, etc by P. Nithya Devi; T, Deepa [and] A.R. Rithanu Banu
260 ## - PUBLICATION, DISTRIBUTION, ETC. (IMPRINT)
Place of publication, distribution, etc Tamil Nadu
Name of publisher, distributor, etc Shanlax publications
Date of publication, distribution, etc 2022
270 ## - ADDRESS
Address 61, 66 T.P.K. Main Road, Vasantha Nagar,
City Madurai, Tamil Nadu
Postal code 625003
300 ## - PHYSICAL DESCRIPTION
Extent 19p.
Other physical details ill
Dimensions 22cm(pb)
700 ## - ADDED ENTRY--PERSONAL NAME
Personal name Deepa , T,
Relator term Author
9 (RLIN) 75078
700 ## - ADDED ENTRY--PERSONAL NAME
Personal name Banu, A.R. Rithanu
Relator term Author
9 (RLIN) 75079
942 ## - ADDED ENTRY ELEMENTS (KOHA)
Source of classification or shelving scheme Dewey Decimal Classification
Item type English Books
Classification part 368
Call number suffix DEV
Holdings
Withdrawn status Lost status Not for loan Collection code Home library Current library Date acquired Source of acquisition Cost, normal purchase price Full call number Barcode Copy number Cost, replacement price Koha item type
      Non-fiction Ashok Vihar Ashok Vihar 12/12/2024 Delivery of Books Division 320.00 368 DEV EN-126544 1 320.00 English Books

© Delhi Public Library
Hit Counter
free hit counter